000 00406cam a2200157ua 4500
041 _aeng
_h
082 _a320.58
_bBYL/LO
100 _aByle, Marie .
245 _aLotus and the Spinning whell /
_cMarie beuzeville.
_hTextual Documents
260 _aLondon :
_bGeorge Allen & Unwin Ltd ,
_c1963.
300 _a259 ; .
504 _a
700 1 _aBeuzeville, .
942 _cBK
999 _c12410
_d12410